00574nam a2200193Ia 450000500170000000800410001702000150005804000180007304100080009108200200009910000160011924500650013525000120020026000440021230000240025665000180028065000330029865000490033120220714094735.0210716s2002 xx 000 0 und d a8178084295 cAIMIT LIBRARY aeng a511.8 22bTRUJ aTruss, J K. aDiscrete mathematics for computer scientists /cBy J K Truss a2nd ed. aNew Delhi :bPearson Education ,c2002. axix,585p. ;c23 cm. aCombinatorics aPartially ordered structures aAnalysis of algorithms and complexity theory